Fr. Conceicao Rodrigues College of Engineering

Introduction To Programming Using ''''C'''' Language (Record no. 29359)

MARC details
000 -LEADER
fixed length control field 00352nam a2200133Ia 4500
100 ## - MAIN ENTRY--PERSONAL NAME
Personal name St.Xavier''''s
245 ## - TITLE STATEMENT
Title Introduction To Programming Using ''''C'''' Language
260 ## - PUBLICATION, DISTRIBUTION, ETC.
Name of publisher, distributor, etc. St.Xavier''s Tech Institute
Place of publication, distribution, etc. Bombay
366 ## - TRADE AVAILABILITY INFORMATION
Publishers's discount category 10
300 ## - PHYSICAL DESCRIPTION
Extent 69
546 ## - LANGUAGE NOTE
Language note ENGLISH
654 ## - SUBJECT ADDED ENTRY--FACETED TOPICAL TERMS
Focus term Introduction To Programming Using 'C' Language
942 ## - ADDED ENTRY ELEMENTS (KOHA)
Koha item type BOOK
Holdings
Withdrawn status Lost status Damaged status Not for loan Collection Home library Current library Shelving location Date acquired Source of acquisition Cost, normal purchase price Inventory number Total Checkouts Full call number Barcode Date last seen Cost, replacement price Price effective from Koha item type
        AFT Fr. Agnel's C.Rodrigues College of Engineering Fr. Agnel's C.Rodrigues College of Engineering   17/03/2023 New Jignesh 216.00 1769/07/06/1997   AFT7040 17/03/2023 240.00   BOOK